Asia Quiz - Statistics

General Stats
  • This quiz has been taken 4 times
  • The average score is 34 of 48
Answer Stats
Hint Answer % Correct
Japan
100%
Afghanistan
75%
Armenia
75%
Bahrain
75%
Bangladesh
75%
Bhutan
75%
Brunei
75%
Cambodia
75%
China
75%
Timor-Leste East Timor
75%
Georgia
75%
India
75%
Indonesia
75%
Iran
75%
Iraq
75%
Israel
75%
Jordan
75%
Kazakhstan
75%
Kuwait
75%
Lebanon
75%
Malaysia
75%
Maldives
75%
Mongolia
75%
Myanmar
75%
Nepal
75%
NK North Korea
75%
Oman
75%
Pakistan
75%
Philippines
75%
Qatar
75%
SA Saudi Arabia
75%
Singapore
75%
SK South Korea
75%
SL Sri Lanka
75%
Syria
75%
Tajikistan
75%
Thailand
75%
Turkmenistan
75%
UAE United Arab Emirates
75%
Uzbekistan
75%
Vietnam
75%
Yemen
75%
Cyprus
50%
Laos
50%
Palestine
50%
Azerbijan
25%
Turkiye
25%
Kyrgyszstan
0%
No matching quizzes found
Score Distribution
Percent of People with Each Score
Percentile by Number Answered
Your Score History
You have not taken this quiz